000 00555nab a2200145Ia 4500
003 ES-SlBCS
005 20210601133741.0
008 140529s2009 xxu||||| |||| 00| 0 por d
041 _apor
100 1 _aMagalhaes, Antonio Germano
_9209219
245 0 0 _aFormar um homem para o meio rural em benefício do desenvolvimento nacional: ruralismo pedagógico na escola normal rural de Juazeiro do Norte
_c Antonio Germano Magalhaes
650 0 4 _aEscuela
_9131104
773 0 _tEducaçao e Filosofia
_gvol. 23, nº. 46, 2009, págs. 99-118
_wRev1534
942 _cAR
999 _c601527
_d601527